Normal view
MARC view
- PIC Microcontroller and Embedded Systems Using Assembly and C for PIC18
Entry Topical Term
001 - CONTROL NUMBER
- control field: 112011
003 - CONTROL NUMBER IDENTIFIER
- control field: NUST
005 - DATE AND TIME OF LATEST TRANSACTION
- control field: 20230502094934.0
008 - FIXED-LENGTH DATA ELEMENTS
- fixed length control field: 230502|| aca||aabn | a|a d
040 ## - CATALOGING SOURCE
- Original cataloging agency: NUST
- Transcribing agency: NUST
150 ## - HEADING--TOPICAL TERM
- Topical term or geographic name entry element: PIC Microcontroller and Embedded Systems Using Assembly and C for PIC18
670 ## - SOURCE DATA FOUND
- Source citation: Work cat.: (NUST): Mazidi, Muhammad Ali 18480, PIC Microcontroller and Embedded Systems:
